BIBLIOTECA

SENCICO

Instalaciones eficientes de suministro de agua y saneamiento en edificios / (Registro nro. 3726)

Detalles MARC
000 -LEADER
fixed length control field 00800nam a22002417a 4500
003 - CONTROL NUMBER IDENTIFIER
control field PE SENCICO BE
005 - DATE AND TIME OF LATEST TRANSACTION
control field 20251020182623.0
008 - FIXED-LENGTH DATA ELEMENTS--GENERAL INFORMATION
fixed length control field 221222b |||||||| |||| 00| 0 eng d
020 ## - INTERNATIONAL STANDARD BOOK NUMBER
International Standard Book Number 978-958-762-197-6
040 ## - CATALOGING SOURCE
Original cataloging agency PE SENCICO BE
Transcribing agency PE SENCICO BE
041 ## - LANGUAGE CODE
Language code of text/sound track or separate title spa
082 ## - DEWEY DECIMAL CLASSIFICATION NUMBER
Classification number 627
Item number L83
100 1# - MAIN ENTRY--PERSONAL NAME
9 (RLIN) 361
Personal name López de Ponce, Andalucía
245 1# - TITLE STATEMENT
Title Instalaciones eficientes de suministro de agua y saneamiento en edificios /
Statement of responsibility, etc. Andalucía López de Ponce
250 ## - EDITION STATEMENT
Edition statement 1a ed.
260 ## - PUBLICATION, DISTRIBUTION, ETC.
Place of publication, distribution, etc. Bogotá:
Name of publisher, distributor, etc. Ediciones de la U,
Date of publication, distribution, etc. 2014
300 ## - PHYSICAL DESCRIPTION
Extent 238 p. :
Other physical details il., diagrs.;
Dimensions 24 cm.
650 14 - SUBJECT ADDED ENTRY--TOPICAL TERM
9 (RLIN) 103
Topical term or geographic name entry element Instalaciones sanitarias
650 24 - SUBJECT ADDED ENTRY--TOPICAL TERM
9 (RLIN) 104
Topical term or geographic name entry element Ingeniería sanitaria
650 24 - SUBJECT ADDED ENTRY--TOPICAL TERM
9 (RLIN) 355
Topical term or geographic name entry element Abastecimiento de agua
910 ## - USER-OPTION DATA (OCLC)
-- hffp
-- hfp
942 ## - ADDED ENTRY ELEMENTS (KOHA)
Source of classification or shelving scheme Dewey Decimal Classification
Koha item type Libros
Classification part 627
Item part L83
Existencias
Fecha de la última vez que lo usaron Número de ingreso o de inventario Pago total Signatura topográfica completa Precio efectivo desde Tipo de documento Estado perdido Sistema de clasificación Estado dañado No es para préstamo Retirado Ubicación permanente Ubicación actual Fecha de adquisición
22/12/2022 16210   627/L83 22/12/2022 Libros   Dewey Decimal Classification       Biblioteca Central Lima Biblioteca Central Lima 22/12/2022